Κατάλογος Βιβλιοθηκών Mediterranean College

Transnational Corporations and World Development / Published by Routledge on Behalf of the UNCTAD Division on Transnational Corporations and Investment (Record no. 1272)

MARC details
000 -LEADER
fixed length control field 01701cam a22001814a 4500
005 - ΗΜΕΡΟΜΗΝΙΑ ΚΑΙ ΩΡΑ ΤΕΛΕΥΤΑΙΑΣ ΕΝΗΜΕΡΩΣΗΣ
Πεδίο ελέγχου 20250605163252.0
008 - FIXED-LENGTH DATA ELEMENTS--GENERAL INFORMATION
Πεδίο ελέγχου σταθερού μήκους 250528s ||||||||||||||||||||||||d
035 ## - SYSTEM CONTROL NUMBER
System control number 15716
020 ## - ISBN
ISBN 415085616
040 ## - ΠΗΓΗ ΚΑΤΑΛΟΓΟΓΡΑΦΗΣΗΣ
Φορέας πρωτότυπης καταλογογράφησης MC Athens Campus Library
Γλώσσα καταλογογράφησης Ελληνικά, Μοντέρνα (1453-)
Modifying agency MC Athens Campus Library
Κανόνες περιγραφικής καταλογογράφησης AACR2
245 1# - ΤΙΤΛΟΣ ΚΑΙ ΔΗΛΩΣΗ ΥΠΕΥΘΥΝΟΤΗΤΑΣ
Τίτλος Transnational Corporations and World Development / Published by Routledge on Behalf of the UNCTAD Division on Transnational Corporations and Investment
260 ## - PUBLICATION, DISTRIBUTION, ETC.
Name of publisher, distributor, etc. International Thomson Business Press,
Date of publication, distribution, etc. 1996
300 ## - PHYSICAL DESCRIPTION
Extent 582
520 ## - SUMMARY, ETC.
Summary, etc. This volume brings together world experts in international business who offer a commentary on the key activities of Transnational Corporations. Preface, History and Theory and General Impact, Transnational Corporations - a Historical Perspective, The Nature of Transnational Corporations and their Activities, Transnational Corporations and Economic Development, The Functioning of Transnational Corporations, Transnational Corporations and Business Strategy - the Foundations of an Emerging Field, International Financial Movement, Organization and Management of Transnational Corporations in Practice and Research, Impact on Economic Countries, Transnational Corporations and Human Resources, The Role of Transnational Corporations in International Trade, Transnational Corporations and Industrialization, Market Structure and Industrial Performance, Special Impacts, Transnational Corporations and the Exploitation of Natural Resources, Transnational Corporations in Services, Transfer Pricing and Taxation, Governments and Transnational Corporations, Transnational Corporations and Regional Economic Integration, Legal Aspects, Index.
942 ## - ADDED ENTRY ELEMENTS (KOHA)
Koha item type Books
Holdings
Τύπος τεκμηρίου Βιβλιοθήκη Τρέχουσα τοποθεσία Barcode Αριθμός εισαγωγής Ημερομηνία απόκτησης Ταξιθετικό σύμβολο Αριθμός αντιτύπου Κατάσταση απόσυρσης Κατάσταση χαμένου Κατάσταση κατεστραμμένου Μη δανεισμός Σύνολο δανεισμών Ημερομηνία τελευταίας εμφάνισης Η τιμή ισχύει από
Books MC Athens Campus Library MC Athens Campus Library 9780000012715 2073 05/06/2025 338.883 ITB 1           05/06/2025 05/06/2025

MC Athens Campus Library
Πατησίων 94 & Κοδριγκτώνος 13, 104 34
Πελλήνης 8 & Πατησίων 107, 112 51
Τ: +30 210 8899600

MC Thessaloniki Campus Library
Ίωνος Δραγούμη 21, 54625 | Ίωνος Δραγούμη 15, 54625
Τ: +30 2310 287779 – Τ: +30 2314 440300